|
|
|
|
| LEADER |
00648nam a2200193 a 4500 |
| 001 |
000602276 |
| 003 |
CZ BrMZK |
| 005 |
20040324084522.0 |
| 008 |
020523s1962 xr f cze d |
| 040 |
|
|
|a BOA001
|b cze
|c BOA001
|
| 100 |
1 |
|
|a Hrala, Milan,
|d 1931-2015
|7 jk01042660
|4 aut
|
| 245 |
1 |
0 |
|a Sovětská literatura světlým zítřkům komunismu /
|c Milan Hrala
|
| 260 |
|
|
|a Praha :
|b Svět sovětů,
|c 1962
|
| 300 |
|
|
|a 15 s.
|
| 490 |
1 |
|
|a Poznáváme Sovětský svaz
|
| 830 |
|
0 |
|a Poznáváme Sovětský svaz
|
| 910 |
|
|
|a BOA001
|b X-0480.715
|
| 990 |
|
|
|a BK
|
| 996 |
6 |
|
|b 2619074837
|c X-0480.715
|l MZK
|r Sklad / do 24 hodin
|n 2
|w 000602276
|u 000010
|a 1
|e BOA001
|j MZK50
|s P
|